Famous Russian classical composers - Statistics

General Stats
  • This quiz has been taken 45 times
  • The average score is 10 of 13
Answer Stats
Hint Answer % Correct
Composer of popular ballet music like 'The nutcrakcer' and 'Swan lake' Pyotr Ilyich Tchaikovsky
100%
Composer of 'The Rite of Spring', one of the most famous pieces of modern classical music Igor Fyodorovich Stravinsky
97%
Composer of 'Peter and the Wolf' and 'War Sonata(Piano Sonata No 6,7,8)' Sergei Sergeyevich Prokofiev
95%
Another one of the Mighty Handful and composer of 'Pictures at an Exhibition', whose orchestral version by Maurice Ravel is also popular Modest Petrovich Mussorgsky
92%
Another one of the Mighty Handful and one of his most popular pieces is 'Flight of the bumblebee' from 'The Tale of Tsar Saltan' Nikolai Andreyevich Rimsky-Korsakov
92%
Was almost 2 meters tall and was able to play thirteenths by one hand, also composed his famous symphonies and concerti Sergei Vasilievich Rachmaninoff
85%
Composer of 'Sabre Dance' Aram Ilyich Khachaturian
77%
One of the 'Mighty Handful' and was also a chemist Alexander Porfiryevich Borodin
72%
Composed 15 symphonies, finally ending the '9th curse' Dmitri Dmitriyevich Shostakovich
62%
Composed his famous etude Op 8 No 12, also had synesthesia and believed each key has its own color Alexander Nikolayevich Scriabin
59%
One of the first Russian composers to get widely recognized and started Russian musical nationalism. Mikhail Ivanovich Glinka
46%
The leader of the Mighty Handful and composer of 'Islamey' Mily Alexeyevich Balakirev
46%
Another one of the Mighty Handful but his composition is quite French-styled Cesar Antonobich Cui
38%
No matching quizzes found
Score Distribution
Percent of People with Each Score
Percentile by Number Answered
Your Score History
You have not taken this quiz